Foundations of economic analysis. (Record no. 15178)
[ view plain ]
| 000 -LEADER | |
|---|---|
| fixed length control field | 00338cam a2200133u 4500 |
| 040 ## - CATALOGING SOURCE | |
| Transcribing agency | CarP |
| 082 ## - DEWEY DECIMAL CLASSIFICATION NUMBER | |
| Classification number | 330 ATH 1965 A074 Or. |
| 100 1# - MAIN ENTRY--AUTHOR NAME | |
| Personal name | Samuelson, Paul A. |
| 245 10 - TITLE STATEMENT | |
| Title | Foundations of economic analysis. |
| 260 ## - PUBLICATION, DISTRIBUTION, ETC. (IMPRINT) | |
| Place of publication | New York, |
| Name of publisher | Atheneum, |
| Year of publication | 1965. |
| 300 ## - PHYSICAL DESCRIPTION | |
| Number of Pages | xx, 447 p. |
| Dimensions | 21 cm. |
| 650 #0 - SUBJECT ADDED ENTRY--TOPICAL TERM | |
| Topical Term | Economics, Mathematical. |
| 942 ## - ADDED ENTRY ELEMENTS (KOHA) | |
| Koha item type | សៀវភៅភាសាអង់គ្លេស |
| 952 ## - LOCATION AND ITEM INFORMATION (KOHA) | |
| Withdrawn status [LOCAL, KOHA] | 0 |
| Permanent Location | Date acquired | Koha item type | Lost status | Shelving location | Barcode | Current Location | Full call number |
|---|---|---|---|---|---|---|---|
| Library Block A | 2017-11-13 | សៀវភៅភាសាអង់គ្លេស | A074 | A06368 | Library Block A | 330 ATH 1965 A074 Or. |